| 000 | 01033nam a22001817a 4500 | ||
|---|---|---|---|
| 005 | 20250830105230.0 | ||
| 008 | 250830b |||||||| |||| 00| 0 eng d | ||
| 037 | _cTextual | ||
| 040 |
_aRTL _cRTL |
||
| 084 |
_aY73(Q4), Q0 _qRTL |
||
| 100 |
_aCantwell, Cathy _930009 |
||
| 245 | _aBuddhism: The basics | ||
| 260 |
_aNew York _bRoutledge _c2010 |
||
| 300 |
_aviii, 196 p. _bIncludes bibliographical references and index |
||
| 520 | _aBuddhism: The Basics provides a thorough and accessible introduction to a fascinating religion. Examining the historical development of Buddhism and its presence today, this guide covers principal traditions practices and beliefs ethical guidelines and philosophy religious texts community With helpful features including a detailed map of the Buddhist world, glossary of terms and tips for further study, this is an ideal text for students and interested readers wanting to familiarize themselves with the Buddhist faith. | ||
| 650 | _aBuddhism | ||
| 942 |
_2CC _cTEXL _hY73(Q4), Q0 _n0 |
||
| 999 |
_c1435017 _d1435017 |
||